00547nam a2200181 a 450000100060000000300090000600800410001502000150005604000280007108200170009910000230011624500150013926000280015430000100018250501390019265000200033165000140035123024CO-ViMGA141112s2004 ck r 000 u spa d a8434221322 aCO-ViMGAbspacCO-ViMGA04a751.48 C181m1 aChavarria, Juaquin10aEl mosaico aEspaña : bParramòn a160p. aHistoria, Materiales y herramientas, Tecnicas de corte, Sistemas de colocacion, tecnicas de colocacion, Soporte, Paso a paso, Glosario14aARTE DECORATIVO14aMOSAICOS